Причины самовозгорания углесодержащих пород отвалов; Технологии техносферной безопасности; № 1 (65)
| Parent link: | Технологии техносферной безопасности.— , 2005- № 1 (65).— 2016.— [6 с.] |
|---|---|
| Autor principal: | |
| Autor Corporativo: | |
| Outros Autores: | |
| Resumo: | Заглавие с экрана Приведены результаты исследования нагревания угля и углесодержащих горных пород при транспортировке из угольных разрезов. Показано, что повышение температуры угля выхлопными газами автомобиля увеличивает химическую активность угля и интенсифицирует самовозгорание. Установлено существенное увеличение выделения опасных газов в атмосферу с повышением температуры углесодержащих пород. The results of research into heating up of coal and coal-bearing rocks during transportation by motor vehicles are given. It is proved that heating of coal by exhaust truck gases causes increase in coal chemical activity and intensifies spontaneous combustion. Experiments reveal a growing amount of hazardous gases evolved into the atmosphere as the temperature of coal-bearing rock increases. Key words: coal, coal-bearing rocks, motor vehicles, spontaneous combustion, gas emission. Режим доступа: по договору с организацией-держателем ресурса |
| Idioma: | russo |
| Publicado em: |
2016
|
| Assuntos: | |
| Acesso em linha: | http://agps-2006.narod.ru/ttb/2016-1/06-01-16.ttb.pdf http://elibrary.ru/item.asp?id=28284827 |
| Formato: | MixedMaterials Recurso Electrónico Capítulo de Livro |
| KOHA link: | https://koha.lib.tpu.ru/cgi-bin/koha/opac-detail.pl?biblionumber=653688 |
MARC
| LEADER | 00000naa0a2200000 4500 | ||
|---|---|---|---|
| 001 | 653688 | ||
| 005 | 20250227163411.0 | ||
| 035 | |a (RuTPU)RU\TPU\network\19182 | ||
| 090 | |a 653688 | ||
| 100 | |a 20170322d2016 k||y0rusy50 ca | ||
| 101 | 0 | |a rus | |
| 102 | |a RU | ||
| 135 | |a drcn ---uucaa | ||
| 181 | 0 | |a i | |
| 182 | 0 | |a b | |
| 200 | 1 | |a Причины самовозгорания углесодержащих пород отвалов |d Causes of spontaneous combustion of coal on the dumps |f Е. С. Торосян, В. К. Антюфеев | |
| 203 | |a Текст |c электронный | ||
| 300 | |a Заглавие с экрана | ||
| 320 | |a [Библиогр.: 2 назв.] | ||
| 330 | |a Приведены результаты исследования нагревания угля и углесодержащих горных пород при транспортировке из угольных разрезов. Показано, что повышение температуры угля выхлопными газами автомобиля увеличивает химическую активность угля и интенсифицирует самовозгорание. Установлено существенное увеличение выделения опасных газов в атмосферу с повышением температуры углесодержащих пород. | ||
| 330 | |a The results of research into heating up of coal and coal-bearing rocks during transportation by motor vehicles are given. It is proved that heating of coal by exhaust truck gases causes increase in coal chemical activity and intensifies spontaneous combustion. Experiments reveal a growing amount of hazardous gases evolved into the atmosphere as the temperature of coal-bearing rock increases. Key words: coal, coal-bearing rocks, motor vehicles, spontaneous combustion, gas emission. | ||
| 333 | |a Режим доступа: по договору с организацией-держателем ресурса | ||
| 461 | |t Технологии техносферной безопасности |d 2005- | ||
| 463 | |t № 1 (65) |v [6 с.] |d 2016 | ||
| 510 | 1 | |a Causes of spontaneous combustion of coal on the dumps |z eng | |
| 610 | 1 | |a труды учёных ТПУ | |
| 610 | 1 | |a электронный ресурс | |
| 610 | 1 | |a концентрационные пределы | |
| 610 | 1 | |a горение | |
| 610 | 1 | |a детонация | |
| 610 | 1 | |a смеси газов | |
| 700 | 1 | |a Торосян |b Е. С. |c специалист в области экологии и безопасности жизнедеятельности |c старший преподаватель Юргинского технологического института (филиал) Томского политехнического университета |f 1981- |g Елена Самвеловна |3 (RuTPU)RU\TPU\pers\25696 |9 11607 | |
| 701 | 1 | |a Антюфеев |b В. К. |g Виктор Константинович | |
| 712 | 0 | 2 | |a Национальный исследовательский Томский политехнический университет (ТПУ) |b Юргинский технологический институт (филиал) (ЮТИ) |b Кафедра безопасности жизнедеятельности, экологии и физического воспитания (БЖДЭФВ) |3 (RuTPU)RU\TPU\col\18930 |
| 801 | 2 | |a RU |b 63413507 |c 20170322 |g RCR | |
| 856 | 4 | 0 | |u http://agps-2006.narod.ru/ttb/2016-1/06-01-16.ttb.pdf |
| 856 | 4 | 0 | |u http://elibrary.ru/item.asp?id=28284827 |
| 942 | |c CF | ||